The physiology of Insecta / (Record no. 75354)
[ view plain ]
| 000 -LEADER | |
|---|---|
| fixed length control field | 01066cam a2200349 a 4500 |
| 001 - CONTROL NUMBER | |
| control field | 75354 |
| 003 - CONTROL NUMBER IDENTIFIER | |
| rucl marc code | BD-RjUL |
| 005 - DATE AND TIME OF LATEST TRANSACTION | |
| control field | 20211209082657.0 |
| 008 - FIXED-LENGTH DATA ELEMENTS--GENERAL INFORMATION | |
| fixed length control field | 190320s1964 nyua b 001 0 eng |
| 035 ## - SYSTEM CONTROL NUMBER | |
| System control number | 01-690//r852 |
| 040 ## - CATALOGING SOURCE | |
| Original cataloging agency | (BD-RjUL)75572 |
| Transcribing agency | CGU |
| Modifying agency | m.c |
| Language of cataloging | eng |
| 041 ## - LANGUAGE CODE | |
| Language code of text/sound track or separate title | eng |
| 082 ## - DEWEY DECIMAL CLASSIFICATION NUMBER | |
| Classification number | 595.701 |
| Edition number | 23 |
| Author mark and year | PHY 1964 |
| 092 ## - LOCALLY ASSIGNED DEWEY CALL NUMBER (OCLC) | |
| Classification number | D0400440880 |
| 245 04 - TITLE STATEMENT | |
| Title | The physiology of Insecta / |
| Statement of responsibility, etc. | edited by Morris Rockstein |
| 260 ## - PUBLICATION, DISTRIBUTION, ETC. (IMPRINT) | |
| Place of publication, distribution, etc. | New York ; |
| -- | London : |
| Name of publisher, distributor, etc. | Academic Press, |
| Date of publication, distribution, etc. | 1964 |
| 300 ## - PHYSICAL DESCRIPTION | |
| Pagination | 3 v. : |
| Illustrations | ill. ; |
| Size | 24 cm |
| 500 ## - GENERAL NOTE | |
| General note | Includes indexes |
| 504 ## - BIBLIOGRAPHY, ETC. NOTE | |
| Bibliography, etc | Includes bibliographies |
| 650 #0 - SUBJECT ADDED ENTRY--TOPICAL TERM | |
| Topical term or geographic name as entry element | Insects |
| General subdivision | Physiology |
| 9 (RLIN) | 229492 |
| 700 1# - ADDED ENTRY--PERSONAL NAME | |
| Personal name | Rockstein, Morris. |
| 942 ## - ADDED ENTRY ELEMENTS (KOHA) | |
| Source of classification or shelving scheme | Dewey Decimal Classification |
| Koha item type | Books |
| Lost status | Source of classification or shelving scheme | Damaged status | Not for loan | Collection code | Permanent Location | Current Location | Shelving location | Date acquired | Source of acquisition | Total Checkouts | Full call number | Date last seen | Copy number | Koha item type |
|---|---|---|---|---|---|---|---|---|---|---|---|---|---|---|
| Dewey Decimal Classification | Not For Loan | Non-fiction | Central Library, University of Rajshahi | Central Library, University of Rajshahi | Reading Room | 01/06/1966 | Asia Foundation , Sanfrancisco, California U.S.A. | 595.701 PHY 1964 V-1 | 21/03/2019 | C-1 | Books |